ბათუმის შოთა რუსთაველის სახელმწიფო უნივერსიტეტის ბიბლიოთეკა

Praxishandbuch Event Management - Das A-Z der perfekten Veranstaltungsorganisation - Mit zahlreichen Checklisten und Mustervorlagen / (ბიბ.ჩანაწერი № 54259)

000 -LEADER
fixed length control field 00914nam a2200265Ia 4500
001 - CONTROL NUMBER
control field 21315
003 - CONTROL NUMBER IDENTIFIER
control field GE_BSU
005 - DATE AND TIME OF LATEST TRANSACTION
control field 20221114120822.0
008 - FIXED-LENGTH DATA ELEMENTS--GENERAL INFORMATION
fixed length control field 181216s2012||||gw |||||||||||||| ||eng||
020 ## - INTERNATIONAL STANDARD BOOK NUMBER
International Standard Book Number 9783834929549x
040 ## - CATALOGING SOURCE
Transcribing agency GE_BSU
041 ## - LANGUAGE CODE
Language code of text/sound track or separate title eng
080 ## - UNIVERSAL DECIMAL CLASSIFICATION NUMBER
Universal Decimal Classification number 005+339+811.112 S-31
100 ## - MAIN ENTRY--PERSONAL NAME
Personal name Schmitt, Ir.
9 (RLIN) 12716
245 ## - TITLE STATEMENT
Title Praxishandbuch Event Management - Das A-Z der perfekten Veranstaltungsorganisation - Mit zahlreichen Checklisten und Mustervorlagen /
Statement of responsibility, etc. Ir. Schmitt.
250 ## - EDITION STATEMENT
Edition statement 3 auflage
264 ## - PRODUCTION, PUBLICATION, DISTRIBUTION, MANUFACTURE, AND COPYRIGHT NOTICE
Place of production, publication, distribution, manufacture Wiesbaden :
Name of producer, publisher, distributor, manufacturer Springer Gabler,
Date of production, publication, distribution, manufacture, or copyright notice 2012.
300 ## - PHYSICAL DESCRIPTION
Extent 201 p. ;
Dimensions 24 cm.
653 ## - INDEX TERM--UNCONTROLLED
keyword Praxishandbuch Event Management - Das A-Z der perfekten Veranstaltungsorganisation - Mit zahlreichen Checklisten und Mustervorlagen
653 ## - INDEX TERM--UNCONTROLLED
keyword ვაჭრობა
653 ## - INDEX TERM--UNCONTROLLED
keyword მენეჯმენტი
653 ## - INDEX TERM--UNCONTROLLED
keyword მართვა
942 ## - ADDED ENTRY ELEMENTS (KOHA)
Koha item type წიგნი
Source of classification or shelving scheme
ეგზემპლარები
Withdrawn status Lost status Source of classification or shelving scheme Damaged status Not for loan Permanent Location Current Location Shelving location Date acquired Cost, normal purchase price Full call number Barcode Date last seen Copy number Price effective from Koha item type Public note
          ბათუმის შოთა რუსთაველის სახელმწიფო უნივერსიტეტის მთავარი ბიბლიოთეკა ბათუმის შოთა რუსთაველის სახელმწიფო უნივერსიტეტის მთავარი ბიბლიოთეკა წიგნსაცავი 2018-12-17 153.00 005+339+811.112 S-31 55224 2018-12-17 55224 2018-12-17 წიგნი 153.00 GEL.